[Event "NRW Class2 1718"]
[Site "Germany"]
[Date "2017.12.17"]
[Round "4.4"]
[White "Schimnatkowski, Lukas"]
[Black "Tripolsky, Eugene"]
[Result "1-0"]
[WhiteElo "2031"]
[BlackElo "2214"]
[PlyCount "131"]
[EventDate "2017.09.17"]
[EventType "team-tourn"]
[EventRounds "9"]
[EventCountry "GER"]
[SourceTitle "EXT 2019"]
[Source "ChessBase"]
[SourceDate "2018.10.10"]
[SourceVersion "1"]
[SourceVersionDate "2018.10.10"]
[SourceQuality "1"]
[WhiteTeam "Essen Katernberg  II"]
[BlackTeam "Ennepe Ruhr Sued"]
[WhiteTeamCountry "GER"]
[BlackTeamCountry "GER"]

1. e4 c5 2. Nf3 d6 3. c3 Nf6 4. d3 g6 5. g3 Bg7 6. Bg2 0-0 7. Nbd2 Nc6 8. 0-0 Rb8 9. Re1 e5 10. a3 b5 11. b4 a5 12. Rb1 cxb4 13. axb4 axb4 14. cxb4 d5 15. Qc2 Bb7 16. Ba3 Ra8 17. Qc1 Ra4 18. Nb3 dxe4 19. dxe4 Qa8 20. Nc5 Rxa3 21. Nxb7 Rc8 22. Nc5 Qa7 23. Nb3 Ra2 24. Qc5 Qb7 25. Bh3 Rd8 26. Bf1 Rb8 27. Nxe5 Nxe5 28. Qxe5 Rxf2 29. Qxb5 Rxf1+ 30. Qxf1 Nxe4 31. Qf4 f5 32. h3 Qxb4 33. Kh2 Re8 34. Nd2 Qa4 35. Nxe4 fxe4 36. Rf1 Qc2+ 37. Kh1 Qc4 38. Rb4 Qe6 39. Rb8 Qxh3+ 40. Kg1 Qe6 41. Rxe8+ Qxe8 42. Re1 Qe5 43. Qxe5 Bxe5 44. Kg2 h5 45. Rxe4 Bf6 46. Ra4 Kf7 47. Kf3 g5 48. Ke4 h4 49. g4 Bc3 50. Ra7+ Ke6 51. Ra6+ Ke7 52. Ra2 Ke6 53. Rc2 Be1 54. Rc6+ Kd7 55. Rc5 Bg3 56. Rxg5 Ke6 57. Rg6+ Kf7 58. Rh6 Kg7 59. g5 Be1 60. Kf5 Bf2 61. Rd6 h3 62. Rh6 Bd4 63. Rxh3 Kg8 64. Kg6 Kf8 65. Rb3 Ke7 66. Kh7 1-0

[Event "NRW Class2 1718"]
[Site "Germany"]
[Date "2017.10.15"]
[Round "2.4"]
[White "Grobbel, Rainer"]
[Black "Tripolsky, Eugene"]
[Result "0-1"]
[WhiteElo "2116"]
[BlackElo "2214"]
[PlyCount "126"]
[EventDate "2017.09.17"]
[EventType "team-tourn"]
[EventRounds "9"]
[EventCountry "GER"]
[SourceTitle "EXT 2019"]
[Source "ChessBase"]
[SourceDate "2018.10.10"]
[SourceVersion "1"]
[SourceVersionDate "2018.10.10"]
[SourceQuality "1"]
[WhiteTeam "Lippstadt Turm"]
[BlackTeam "Ennepe Ruhr Sued"]
[WhiteTeamCountry "GER"]
[BlackTeamCountry "GER"]

1. d4 Nf6 2. c4 g6 3. Nc3 Bg7 4. e4 d6 5. f3 0-0 6. Be3 Nc6 7. Nge2 a6 8. Qd2 Na5 9. Nc1 Nd7 10. Be2 c5 11. 0-0 cxd4 12. Bxd4 Ne5 13. b3 Nac6 14. Be3 Qa5 15. Rb1 Qxc3 16. Qxc3 Nxf3+ 17. Bxf3 Bxc3 18. Nd3 Bd4 19. Rbe1 e5 20. g3 Be6 21. Bg2 b5 22. Bxd4 Nxd4 23. c5 dxc5 24. Nxc5 Rfc8 25. Nxe6 Nxe6 26. Bh3 Rc6 27. Bxe6 Rxe6 28. Rd1 Ra7 29. Rd8+ Kg7 30. g4 h6 31. h4 Rf6 32. Rxf6 Kxf6 33. Rd6+ Ke7 34. Rb6 Rd7 35. Rxa6 Rd4 36. Ra7+ Kf8 37. a4 Rxe4 38. a5 Rxg4+ 39. Kf2 Rb4 40. Rb7 Rxb3 41. a6 Ra3 42. a7 Kg7 43. Rxb5 Rxa7 44. Rxe5 Ra3 45. Kg2 Kf6 46. Rb5 Re3 47. Rb6+ Re6 48. Rb5 g5 49. Kg3 Kg6 50. Ra5 Re3+ 51. Kf2 Re4 52. Ra6+ f6 53. hxg5 hxg5 54. Kf3 Rb4 55. Ra5 f5 56. Kg3 Rb3+ 57. Kg2 g4 58. Kf2 Kg5 59. Rc5 g3+ 60. Kg2 Kg4 61. Ra5 Rb2+ 62. Kg1 f4 63. Ra8 Rb1+ 0-1

[Event "Prague Holiday M11"]
[Site "Prague"]
[Date "2017.07.21"]
[Round "9"]
[White "Stein, Robert"]
[Black "Tripolsky, Eugene"]
[Result "1/2-1/2"]
[WhiteElo "2203"]
[BlackElo "2304"]
[PlyCount "39"]
[EventDate "2017.07.16"]
[EventType "tourn"]
[EventRounds "9"]
[EventCountry "CZE"]
[SourceTitle "EXT 2023"]
[Source "ChessBase"]
[SourceDate "2022.10.05"]
[SourceVersion "1"]
[SourceVersionDate "2022.10.05"]
[SourceQuality "1"]

1. d4 Nf6 2. c4 g6 3. Nf3 Bg7 4. g3 0-0 5. Bg2 d6 6. 0-0 a6 7. Nc3 Nc6 8. Qd3 b5 9. cxb5 Nb4 10. Qd1 axb5 11. Nxb5 Rxa2 12. Rxa2 Nxa2 13. Bd2 Bd7 14. Nc3 Nxc3 15. bxc3 Ne4 16. Qc1 Nxd2 17. Qxd2 Qc8 18. Ra1 c5 19. Ra7 cxd4 20. cxd4 1/2-1/2

[Event "NRW Class2 1516"]
[Site "Germany"]
[Date "2016.01.10"]
[Round "5.3"]
[White "Schroeder, Kevin"]
[Black "Tripolsky, Eugene"]
[Result "0-1"]
[WhiteElo "2217"]
[BlackElo "2207"]
[PlyCount "78"]
[EventDate "2015.09.27"]
[EventType "team-tourn"]
[EventRounds "9"]
[EventCountry "GER"]
[SourceTitle "EXT 2017"]
[Source "ChessBase"]
[SourceDate "2016.10.25"]
[SourceVersion "1"]
[SourceVersionDate "2016.10.25"]
[SourceQuality "1"]
[WhiteTeam "Dortmund Hansa II"]
[BlackTeam "Ennepe Ruhr Sued"]
[WhiteTeamCountry "GER"]
[BlackTeamCountry "GER"]

1. e4 d6 2. g3 Nf6 3. Bg2 g6 4. Nc3 Bg7 5. d4 0-0 6. Nge2 Nc6 7. 0-0 e5 8. h3 exd4 9. Nxd4 Nxe4 10. Nxc6 Nxc3 11. Nxd8 Nxd1 12. Nxb7 Bxb7 13. Bxb7 Rab8 14. Rxd1 Rxb7 15. Rb1 Re8 16. Kf1 f5 17. b3 Kf7 18. Be3 Re4 19. c4 a5 20. Rbc1 Be5 21. Rd5 a4 22. bxa4 Rb2 23. Rb5 Rxa2 24. Rb7 Bxg3 25. Rxc7+ Kf6 26. Rd1 Be5 27. Rxh7 Rxc4 28. Bb6 f4 29. a5 Kf5 30. Kg2 Ke4 31. Re1+ Kd3 32. Rd7 Re4 33. Rxe4 Kxe4 34. Rf7 g5 35. Rf8 Ra3 36. f3+ Kd3 37. Rf5 Ke2 38. Rxg5 Rxf3 39. Kg1 Rf1+ 0-1

[Event "NRW Class2 1516"]
[Site "Germany"]
[Date "2015.12.20"]
[Round "4.3"]
[White "Tripolsky, Eugene"]
[Black "Springer, Ralf"]
[Result "1-0"]
[WhiteElo "2207"]
[BlackElo "2097"]
[PlyCount "57"]
[EventDate "2015.09.27"]
[EventType "team-tourn"]
[EventRounds "9"]
[EventCountry "GER"]
[SourceTitle "EXT 2017"]
[Source "ChessBase"]
[SourceDate "2016.10.25"]
[SourceVersion "1"]
[SourceVersionDate "2016.10.25"]
[SourceQuality "1"]
[WhiteTeam "Ennepe Ruhr Sued"]
[BlackTeam "Ratingen"]
[WhiteTeamCountry "GER"]
[BlackTeamCountry "GER"]

1. e4 d5 2. exd5 Qxd5 3. Nc3 Qd8 4. d4 Nf6 5. Bc4 a6 6. Nf3 b5 7. Bb3 c5 8. a4 b4 9. Ne2 e6 10. 0-0 Be7 11. Ne5 0-0 12. Re1 Bd6 13. Bg5 Qc7 14. Ng3 Nbd7 15. Nxf7 Bxg3 16. hxg3 c4 17. Ba2 Rxf7 18. Qe2 Nb6 19. a5 Nbd5 20. Bxc4 Qc6 21. Bb3 Qd6 22. Bd2 Rb8 23. Rab1 Bd7 24. c4 bxc3 25. bxc3 Re8 26. c4 Nc7 27. Bf4 Qc6 28. Bc2 Rff8 29. Rb6 1-0

[Event "NRW Class1 1415"]
[Site "Germany"]
[Date "2015.01.11"]
[Round "5.3"]
[White "Tripolsky, Eugene"]
[Black "Kaufeld, Juergen"]
[Result "1/2-1/2"]
[WhiteElo "2203"]
[BlackElo "2227"]
[PlyCount "90"]
[EventDate "2014.09.14"]
[EventType "team-tourn"]
[EventRounds "9"]
[EventCountry "GER"]
[SourceTitle "EXT 2017"]
[Source "ChessBase"]
[SourceDate "2016.10.25"]
[SourceVersion "1"]
[SourceVersionDate "2016.10.25"]
[SourceQuality "1"]
[WhiteTeam "Ennepe Ruhr Sued"]
[BlackTeam "Oberhausen"]
[WhiteTeamCountry "GER"]
[BlackTeamCountry "GER"]

1. c4 Nf6 2. d4 e6 3. Nc3 Bb4 4. e3 c5 5. Nge2 cxd4 6. exd4 d5 7. a3 Bxc3+ 8. Nxc3 0-0 9. Bg5 dxc4 10. Bxc4 Nc6 11. Be3 b6 12. 0-0 Bb7 13. Ba2 Ne7 14. Qd3 Qd6 15. f3 Rfd8 16. Rad1 Nf5 17. Bf2 Rac8 18. Bb1 h6 19. Rfe1 Qc6 20. Ba2 Qc7 21. Rxe6 fxe6 22. Bxe6+ Kh8 23. Qxf5 Ra8 24. Qg6 Bc8 25. Ba2 Qf4 26. Bb1 Bd7 27. Qd3 Be8 28. Bg3 Qg5 29. Be5 Rd7 30. h3 Rad8 31. f4 Qh4 32. Qf5 Kg8 33. Kh2 Qh5 34. Bxf6 gxf6 35. Qxf6 Rd6 36. Qe7 Bf7 37. Bc2 Rxd4 38. Ne4 Qb5 39. Nf6+ Kg7 40. Rxd4 Rxd4 41. Bb3 Qxb3 42. Ne8+ Kg8 43. Nf6+ Kg7 44. Ne8+ Kg8 45. Nf6+ Kg7 1/2-1/2

[Event "NRW Class1 1415"]
[Site "Germany"]
[Date "2014.10.05"]
[Round "2.3"]
[White "Kurr, Gerd"]
[Black "Tripolsky, Eugene"]
[Result "0-1"]
[WhiteElo "2190"]
[BlackElo "2203"]
[PlyCount "118"]
[EventDate "2014.09.14"]
[EventType "team-tourn"]
[EventRounds "9"]
[EventCountry "GER"]
[SourceTitle "EXT 2017"]
[Source "ChessBase"]
[SourceDate "2016.10.25"]
[SourceVersion "1"]
[SourceVersionDate "2016.10.25"]
[SourceQuality "1"]
[WhiteTeam "Elberfeld"]
[BlackTeam "Ennepe Ruhr Sued"]
[WhiteTeamCountry "GER"]
[BlackTeamCountry "GER"]

1. e4 d6 2. d4 Nf6 3. Nc3 g6 4. Bc4 Bg7 5. Qe2 Nc6 6. e5 Ng4 7. e6 Nxd4 8. Qxg4 Nxc2+ 9. Kf1 f5 10. Qd1 Nxa1 11. Bf4 c6 12. Qxa1 d5 13. Bd3 Bxe6 14. Nf3 d4 15. Ne2 Bd5 16. Be5 Bxf3 17. Bxg7 Rg8 18. gxf3 Rxg7 19. Nf4 Qd6 20. Qc1 e5 21. Ne2 0-0-0 22. Kg2 Re7 23. Ng3 Qf6 24. Re1 h5 25. Qc5 Kb8 26. f4 e4 27. Bc4 d3 28. Nf1 Rg7 29. h4 Qxh4 30. Qe5+ Rc7 31. Ne3 Qe7 32. Qxe7 Rxe7 33. Kh3 b5 34. Bb3 Rd6 35. Rc1 Kb7 36. Rc5 Kb6 37. Re5 Red7 38. a4 a6 39. Kh4 c5 40. Kg5 c4 41. a5+ Kc6 42. Bd1 Rh7 43. Kh4 Rc7 44. f3 Rd4 45. fxe4 fxe4 46. Re6+ Kb7 47. Rxg6 c3 48. bxc3 Rxc3 49. Nf5 Rb4 50. Bxh5 d2 51. Kg5 Rd3 52. Rb6+ Kc7 53. Rxa6 d1Q 54. Bxd1 Rxd1 55. Re6 Rd5 56. Kf6 e3 57. Nxe3 Rxf4+ 58. Ke7 Rd7+ 59. Ke8 Rh4 0-1

[Event "Berlin Unicorn op"]
[Site "Berlin"]
[Date "2007.05.20"]
[Round "7"]
[White "Tripolsky, Eugene"]
[Black "Bukowski, Henryk"]
[Result "1-0"]
[WhiteElo "2388"]
[BlackElo "2131"]
[PlyCount "115"]
[EventDate "2007.05.16"]
[EventType "swiss"]
[EventRounds "7"]
[EventCountry "GER"]
[SourceTitle "CBM 118 Extra"]
[Source "ChessBase"]
[SourceDate "2007.07.04"]
[SourceVersion "1"]
[SourceVersionDate "2007.07.04"]
[SourceQuality "1"]

1. d4 Nf6 2. Nc3 d6 3. e4 e5 4. Nf3 Nbd7 5. Bc4 Be7 6. dxe5 dxe5 7. Bxf7+ Kxf7 8. Ng5+ Kg8 9. Ne6 Qe8 10. Nxc7 Qg6 11. 0-0 Nb6 12. Nxa8 Bg4 13. f3 Bh3 14. Qe2 Nxa8 15. Be3 h6 16. Kh1 Bd7 17. Bxa7 b6 18. Bb8 Qg5 19. f4 exf4 20. Bxf4 Qg6 21. Nd5 Nxd5 22. exd5 Bc5 23. c3 Kh7 24. b4 Re8 25. Qd2 Bf8 26. a4 Rc8 27. a5 bxa5 28. Rxa5 Nb6 29. Ra7 Nc4 30. Qd4 Bf5 31. Bg3 Nd6 32. Bxd6 Bxd6 33. Rxf5 Re8 34. g3 Re1+ 35. Kg2 Re2+ 36. Rf2 Be5 37. Qc4 Re3 38. Qc8 Bxg3 39. hxg3 Rxg3+ 40. Kh2 Rg5 41. Qh3 Rh5 42. Rxg7+ Kxg7 43. Rg2 Rg5 44. Qd7+ Kh8 45. Qd8+ Kh7 46. Qe7+ Kh8 47. Rxg5 hxg5 48. Qe5+ Kh7 49. d6 Qc2+ 50. Kg3 Kg6 51. Qd4 Qc1 52. d7 Qe1+ 53. Kf3 Qf1+ 54. Ke3 Qe1+ 55. Kd3 Qf1+ 56. Kc2 Qe2+ 57. Kb3 Qe6+ 58. c4 1-0

[Event "Andratx 1st"]
[Site "Andratx"]
[Date "2004.10.10"]
[Round "9"]
[White "Tripolsky, Eugene"]
[Black "Galiana Salom, Juan Ramon"]
[Result "1/2-1/2"]
[WhiteElo "2434"]
[BlackElo "2257"]
[PlyCount "77"]
[EventDate "2004.10.04"]
[EventType "tourn"]
[EventRounds "9"]
[EventCountry "ESP"]
[EventCategory "3"]
[SourceTitle "CBM 102 Extra"]
[Source "ChessBase"]
[SourceDate "2004.11.03"]
[SourceVersion "1"]
[SourceVersionDate "2004.11.03"]
[SourceQuality "1"]

1. e4 e6 2. d4 d5 3. Nc3 Nf6 4. Bg5 Bb4 5. exd5 Qxd5 6. Bxf6 gxf6 7. Qd2 Qa5 8. Bc4 Nd7 9. Nge2 c6 10. a3 Be7 11. 0-0 Rg8 12. f4 f5 13. b4 Qd8 14. Rfe1 Nb6 15. Bb3 Rg6 16. Ng3 Kf8 17. Na2 a5 18. c3 Nd7 19. Rad1 Qb6 20. Kh1 Nf6 21. Nc1 Ng4 22. Nd3 Bh4 23. Ne5 Bxg3 24. hxg3 Qd8 25. Nxg4 Rxg4 26. Re3 Qf6 27. Rde1 Bd7 28. Qf2 Kg7 29. Bd1 Rg6 30. Bf3 Rg8 31. bxa5 Kh8 32. Rb1 Rxg3 33. Rxb7 Bc8 34. Bxc6 Bxb7 35. Bxb7 R3g4 36. Rh3 Qe7 37. Bf3 Qxa3 38. Bxg4 fxg4 39. Rxh7+ 1/2-1/2

[Event "Cala d'Or 2nd"]
[Site "Santanyi"]
[Date "2004.09.13"]
[Round "1"]
[White "Langrock, Hannes"]
[Black "Tripolsky, Eugene"]
[Result "1/2-1/2"]
[WhiteElo "2409"]
[BlackElo "2434"]
[PlyCount "107"]
[EventDate "2004.09.13"]
[EventType "tourn"]
[EventRounds "9"]
[EventCountry "ESP"]
[EventCategory "5"]
[SourceTitle "CBM 102 Extra"]
[Source "ChessBase"]
[SourceDate "2004.11.03"]
[SourceVersion "1"]
[SourceVersionDate "2004.11.03"]
[SourceQuality "1"]

1. e4 d6 2. d4 Nf6 3. Nc3 g6 4. Be3 Bg7 5. Qd2 0-0 6. f3 c6 7. Bh6 Bxh6 8. Qxh6 Qa5 9. h4 b5 10. h5 b4 11. hxg6 fxg6 12. Bc4+ e6 13. Nce2 Qc7 14. Nf4 d5 15. exd5 exd5 16. Bd3 Qg7 17. Qg5 Ba6 18. 0-0-0 Bxd3 19. Nxd3 a5 20. Ne2 Nbd7 21. Nef4 Rae8 22. Rh6 Rf7 23. Rdh1 Nf8 24. Ne5 Rfe7 25. Nxc6 Rc7 26. Nxa5 Rec8 27. Kb1 Rxc2 28. Nb3 Qc7 29. Nxd5 Nxd5 30. Qxd5+ Kh8 31. Nc5 Rxg2 32. R6h4 Rd8 33. Qe4 Rd2 34. Qe3 Rg2 35. Re1 Qd6 36. Rf4 g5 37. Rf7 Kg8 38. Qb3 Qd5 39. Rb7 Qxb3 40. Nxb3 h5 41. Rxb4 h4 42. Rc4 Ng6 43. Rc2 Rxc2 44. Kxc2 Kg7 45. Nc5 Nf4 46. Ne4 Kg6 47. Kc3 h3 48. Rh1 Kf5 49. Ng3+ Kg6 50. Rh2 Re8 51. Kd2 Rd8 52. Ne2 Rh8 53. Nxf4+ gxf4 54. Ke2 1/2-1/2